000 005100000a22001690004500
020 _a0-87808-217-4
041 0 _aENG
082 0 4 _aG 266.001 O877h
245 1 0 _aHelping missionaries grow : Readings in mental health and missions / Kelly S. O'Donnell, Michele Lewis O'Donnell, Editores
260 _aPasadena, CA., USA : William Carey
300 _a568 Pag
001 7346
942 _cBK
999 _c37561
_d37561
336 _atexto
_btxt
_2rdacontent
337 _2rdamedia
_asin mediación
_bn
338 _2rdacarrier
_avolumen
_bnc